| 000 | 00950nam a2200361 a 4500 | ||
|---|---|---|---|
| 003 | AR-BaBNM | ||
| 005 | 20251128202944.0 | ||
| 008 | 082120s2002 ||||||||||||||000 | spa|| | ||
| 040 | _cAR-BaBNM | ||
| 100 | 1 | _aOriol i Anguera, A. | |
| 245 | 0 | 0 | _aAgonía interior del muy egregio señor José de San Martín y Matorras |
| 260 |
_aBuenos Aires _bDel Colegio _c1954 |
||
| 300 |
_a323 p. _blams. |
||
| 600 | 1 | 4 | _aBolívar, Simón |
| 610 | 2 | 4 | _aConferencia de Guayaquil |
| 610 | 2 | 4 | _aLogia Lautaro |
| 650 | 4 | _aHISTORIA ARGENTINA | |
| 650 | 4 | _aBIOGRAFIAS | |
| 650 | 4 | _aGUERRAS DE LA INDEPENDENCIA | |
| 650 | 4 | _aPERSONALIDAD | |
| 650 | 4 | _aCARACTERISTICAS PSICOLOGICAS | |
| 650 | 4 | _aPSICOLOGIA | |
| 650 | 4 | _aCARACTERIOLOGIA | |
| 650 | 4 | _aCARACTER | |
| 650 | 4 | _aHISTORIA | |
| 650 | 4 | _aSOCIEDADES SECRETAS | |
| 651 | 4 | _aPerú | |
| 651 | 4 | _aEspaña | |
| 651 | 4 | _aChile | |
| 655 | _aBIOGRAFIAS | ||
| 942 | _cBK | ||
| 998 | _cEnrique | ||
| 999 |
_c1269 _d1269 |
||